000 00250nam a2200109Ia 4500
008 190216s9999||||xx |||||||||||||| ||und||
100 _aRamaswamy
245 0 _aPrinciples Of Economics
260 _bKcs Desikan & Co
650 _aEconomics
942 _cBK
999 _c9747
_d9747